000 01283nam0a22002531 4500
001 rc\421208
005 20260406110859.0
035 _a(NLR Aleph) 005668688
090 _a6950461
_c6950462
100 _a20030616d1987 |||y0rusy50 ca
101 0 _arus
102 _aRU
105 _ay |||||||||
200 1 _aXXVII съезд КПСС о совершенствовании социализма и его вооруженной защиты
_eУчеб. пособие для слушателей Акад.
_f[Адм. П.Н. Медведев, к. воен. н., адм. В.Н. Поникаровский, д. филос. н., проф., контр.-адм. В.П. Гулин и др.
_gОтв. ред. д. филос. н., проф., контр-адм. В.П. Гулин]
_gВоен.-мор. акад. им. Маршала Сов. Союза Гречко А.А.
210 _aЛ.
_cВМА
_d1987
215 _a283 с.
_d23
701 1 _aМедведев
_bП.Н.
702 1 _aГулин
_bВ.П.
_gВасилий Петрович
_4340
712 0 2 _aВоенно-морская академия им. А. А. Гречко
_cЛенинград
_3RU\NLR\AUTH\886181
_9284129
801 0 _aRU
_bNLR
_gpsbo
801 1 _aRU
_bELAR
_2rusmarc
852 _aNLR
_j90-5/1277
942 _cBOOK
980 _aNB